000 00820nmc a2200301 a 4500
003 AR-BaBNM
005 20251128204104.0
008 265019s1988 ||||||||||||||000 | spa||
040 _cAR-BaBNM
100 1 _aMolinari, Ricardo E.
245 1 0 _aBarranca Yaco
_by otros poemas
260 _aBuenos Aires
_bCentro Editor de América Latina
_c1988
300 _a31 p.
_bil.
490 0 _aLos grandes poetas
_vv. 41
650 4 _aPOETAS
650 4 _aLITERATURA ARGENTINA
650 4 _aPOESIA
650 4 _aANALISIS LITERARIO
650 4 _aCRITICA LITERARIA
650 4 _aBIOGRAFIAS
653 _aPOESIA HISTORICA
655 _aLITERATURA
700 1 _aHerrera, Ricardo H.
_ecompilador
700 1 _aCastilla, Américo
_eilustrador
800 1 _aLafforgue, Jorge
_edirector
942 _cBK
998 _cEthel
999 _c6121
_d6121